000 00854nam a2200265Ia 4500
003 OSt
005 20220918164520.0
006 a|||||r|||| 00| 0
007 ta
008 220917b |||||||| |||| 00| 0 eng d
020 _a0670058742 (hbk)
_c595
024 _a243,536
037 _b105, 02/07/2010, Anshika Book International
_cTextual
040 _aARTS
_cARTS
_beng
041 _2eng
_aeng
082 _aMY2121.2, P6
100 _aMajumdar Boria
_919275
245 0 _aGolalless
_b The story of a unique footballing nation
260 _aNew Delhi
_bViking India
_c2006
300 _axvi, 295p.
_ccm.
650 _aINDUSTRIAL ARTS
700 _a Bandyopadhyay Kausik
_919276
942 _hMY2121.2, P6
_cTEXL
_2CC
999 _c125139
_d125139